000 00301nam a22001217a 4500
008 181126b xxu||||| |||| 00| 0 eng d
041 _aeng
080 _a043.3
100 _a0
101 _aMTH-ARK
245 _aEkosistemi i Zones se Blinajes dhe Funskionalizimi Urban
_cGashi, F.A
942 _2udc
_cBK
999 _c52518
_d52518